Vista normal
Vista MARC
Entrada Nombre geográfico
Número de registros utilizados en: 3
001 - NÚMERO DE CONTROL
- campo de control: 11181
003 - IDENTIFICADOR DEL NÚMERO DE CONTROL
- campo de control: OSt
005 - FECHA Y HORA DE LA ÚLTIMA TRANSACCIÓN
- campo de control: 20211122112321.0
008 - DATOS DE LONGITUD FIJA
- campo de control de longitud fija: 200615|| aca||aabn | a|a d
040 ## - FUENTE DE LA CATALOGACIÓN
- Centro catalogador/agencia de origen: DO-SdBNP
- Lengua de catalogación: spa
- Centro/agencia transcriptor: BNPHU
151 ## - ENCABEZAMIENTO--NOMBRE GEOGRÁFICO
- Nombre geográfico: San Juan de la Maguana (República Dominicana)
451 ## - TRAZADO DE VÉASE--NOMBRE GEOGRÁFICO
- Nombre geográfico: San Juan, República Dominicana
451 ## - TRAZADO DE VÉASE--NOMBRE GEOGRÁFICO
- Nombre geográfico: San Juan (San Juan, República Dominicana)
670 ## - FUENTE DE DATOS ENCONTRADOS
- Cita de la fuente: Work cat.: (OSt)3469: Matos, Luis Enrique 11180, San Juan de la Maguana :, 2007.
670 ## - FUENTE DE DATOS ENCONTRADOS
- Cita de la fuente: United States. Army Topographic Command. San Juan, Dominican Republic ... 1968.
781 ## - ENTRADA DE ENLACE DE SUBDIVISIÓN--SUBDIVISIÓN GEOGRÁFICA
- Subdivisión geográfica: Republica Dominicana
- Subdivisión geográfica: San Juan de la Maguana
